| 000 | 01393nam a22002897a 4500 | ||
|---|---|---|---|
| 005 | 20100806153634.0 | ||
| 010 | _aHIN-90036 | ||
| 020 |
_c250.00 _a8180830314 |
||
| 035 | _aHN-62382 | ||
| 037 | _bDBAD / VEN | ||
| 082 | _a921 | ||
| 100 |
_aविनय _911914 |
||
| 245 |
_aभीष्म पितामाह / _cविनय |
||
| 246 |
_aBhishma Pitamah _bby Vinay |
||
| 260 |
_aदिल्ली _bविमल पुस्तक मंदिर _c2010 |
||
| 260 |
_aदिल्ली _bसुरेन्द्र कुमार एण्ड सन्ज _c2010 |
||
| 270 |
_a430, महाराम मौहल्ला, शाहदरा _bदिल्ली _e110032 |
||
| 270 |
_a30/21-22ए, गली नं-9, विश्वास नगर, शाहदरा _bदिल्ली _k110032 |
||
| 300 |
_a184पृ _c22सेमी (सजिल्द) |
||
| 490 |
_aमहाभारत के युगान्तकारी पात्र:माला _911915 |
||
| 700 | _97228 | ||
| 700 | _97267 | ||
| 700 | _97698 | ||
| 942 |
_adpl _cHN _k _2ddc _mविनय _h921 |
||
| 999 |
_c39873 _d39873 |
||